000 00358 a2200157 4500
001 59634
020 _a9783785553374
040 _cAnchieta - Pituba
100 _aAbedi, Isabel
240 1 0 _aLola macht schlagzeilen
_lpor
245 1 0 _aLola macht schlagzeilen
300 _a170
362 0 _a2008
650 4 _aLiteratura juvenil em alemão
942 _cBK
999 _c59634
_d59634